000
00303nam a2200109Ia 4500
008
201224s9999 xx 000 0 und d
100
_a
Chadavarkar, Rajnarayan
245
0
_a
(The) Origins of Industrial Capitalism in India
260
_a
New Delhi
_b
Cambridge University Press
300
_a
468
942
_c
BK
999
_c
8760
_d
8760